| 000 | 00356nam a22001577a 4500 | ||
|---|---|---|---|
| 003 | OSt | ||
| 008 | 260216b |||||||| |||| 00| 0 eng d | ||
| 020 | _a9789365477719 | ||
| 082 | _a158.1 GUH | ||
| 100 | _aGUPTA,Nitish Rai | ||
| 245 | _aHow to be Wise | ||
| 250 | _a1st Ed | ||
| 260 |
_aNew Delhi _bInk Occam _c2025 |
||
| 300 | _a123p | ||
| 942 |
_2ddc _cREF |
||
| 999 |
_c13826 _d13826 |
||